| 000 | 00646nam a22002057a 4500 | ||
|---|---|---|---|
| 003 | OSt | ||
| 005 | 20251120101700.0 | ||
| 008 | 251120b |||||||| |||| 00| 0 eng d | ||
| 020 | _a971-0489-90-9. | ||
| 040 |
_aDWCL-Admin lib _cOC |
||
| 082 | _aFil. 657.046 G934a 2011 | ||
| 100 | _aPeralta, Jose F. | ||
| 245 |
_aAdvanced accounting : a procedural approach volume 2 / _cJose F. Peralta |
||
| 260 |
_a Manila : _bGIC Enterprises, & Co. , Inc. , _cc2011 |
||
| 300 |
_a ix, 516 p. : _c23 cm. |
||
| 650 | _a1. Accounting | ||
| 650 | _a2. Accounting-Problems, exercises, etc. | ||
| 700 | _aGuerero, Pedro P. | ||
| 942 |
_2ddc _cBK - FIL _kFIl. _n0 |
||
| 999 |
_c5853 _d5853 |
||